[Event "5. It"]
[Site "5. It Bugojno"]
[Date "1986.??.??"]
[Round "6"]
[White "Miles, Anthony J"]
[Black "Timman, Jan Hein"]
[Result "1-0"]
[WhiteElo "2610"]
[BlackElo "2645"]
[PlyCount "75"]
[EventDate "1986.??.??"]
[Source "www.chesslib.no"]
[SourceDate "2004.05.04"]

1. c4 g6 2. e4 e5 3. Nf3 Bg7 4. d4 exd4 5. Nxd4 Nf6 6. Nc3 O-O 7. g3 Re8 8. Bg2 d5 9. cxd5 Nxd5 10. Nde2 Nxc3 11. Qxd8 Rxd8 12. Nxc3 c6 13. Bg5 f6 14. Be3 Be6 15. O-O Nd7 16. Rfd1 Nb6 17. b3 f5 18. Rxd8+ Rxd8 19. Rd1 Rxd1+ 20. Nxd1 Kf7 21. f4 fxe4 22. Nf2 Nd5 23. Bxa7 e3 24. Ne4 b6 25. Ng5+ Ke7 26. Nxe6 Kxe6 27. Bxd5+ Kxd5 28. Kf1 Bd4 29. a4 h5 30. Ke2 Ke4 31. h3 Kd5 32. Kd3 Bc5 33. g4 hxg4 34. hxg4 Bd6 35. Bxb6 Bxf4 36. a5 c5 37. a6 Kc6 38. Bxc5 1-0

[Event "CRO-chT"]
[Site "Rabac"]
[Date "2003.09.07"]
[Round "1"]
[White "Hulak, Krunoslav"]
[Black "Fedorov, Alexei"]
[Result "1-0"]
[WhiteElo "2557"]
[BlackElo "2595"]
[PlyCount "72"]
[EventDate "2003.09.07"]
[Source "Roberto Alvarez"]
[SourceDate "2003.09.22"]

1. c4 g6 2. g3 Bg7 3. Bg2 e5 4. e4 Nh6 5. d3 O-O 6. Ne2 f5 7. Nbc3 f4 8. f3 Nc6 9. h4 d6 10. Nd5 Ne7 11. gxf4 c6 12. Nxe7+ Qxe7 13. fxe5 Qxe5 14. Qb3 Nf7 15. d4 Qe7 16. Be3 b5 17. cxb5 Rb8 18. a4 a6 19. b6 a5 20. h5 Qd8 21. hxg6 hxg6 22. Nf4 Rxb6 23. Qa2 Qf6 24. O-O-O Rb4 25. Rd2 Ba6 26. Rc2 d5 27. exd5 Rxd4 28. Rxc6 Qe5 29. Re1 Rxf4 30. Bd2 Rc4+ 31. Rxc4 Qxd5 32. Bf1 Nd6 33. b3 Nxc4 34. bxc4 Qf7 35. Qb3 Qxf3 36. Bd3 Rc8 1-0

[Event "DE"]
[Site "?"]
[Date "1996.??.??"]
[Round "?"]
[White "Huebner, Robert"]
[Black "Stohl, Igor"]
[Result "1-0"]
[WhiteElo "2635"]
[BlackElo "2515"]
[PlyCount "81"]
[EventDate "1996.??.??"]
[Source "www.chesslib.no"]
[SourceDate "2004.05.04"]

1. c4 g6 2. e4 e5 3. d4 Nf6 4. Nf3 Bb4+ 5. Bd2 Qe7 6. Bxb4 Qxb4+ 7. Qd2 Qxd2+ 8. Nbxd2 exd4 9. e5 Nh5 10. Nxd4 O-O 11. O-O-O f6 12. exf6 Nxf6 13. Be2 d6 14. Rhe1 c6 15. Bf3 Na6 16. Ne4 Nxe4 17. Rxe4 Rf6 18. Re8+ Rf8 19. Re3 Rf6 20. Nb3 Bf5 21. Re7 Nb4 22. Kd2 Nd3 23. Kc3 Ne5 24. Be2 Rf7 25. Rxf7 Nxf7 26. Na5 Rb8 27. f4 Kf8 28. Bf3 Bd7 29. b4 Ke7 30. Re1+ Kf6 31. g3 h6 32. a4 a6 33. c5 g5 34. Bh5 gxf4 35. Bxf7 Kxf7 36. cxd6 fxg3 37. hxg3 Be6 38. Kd4 Rd8 39. Nxb7 Rd7 40. Ke5 Rxb7 41. Rf1+ 1-0

[Event "Essen 75/39"]
[Site "?"]
[Date "1999.??.??"]
[Round "?"]
[White "Bischoff, Klaus"]
[Black "Sutovsky, Emil"]
[Result "0-1"]
[WhiteElo "2521"]
[BlackElo "2612"]
[PlyCount "52"]
[EventDate "1999.??.??"]
[Source "ChessBase"]
[SourceDate "1999.02.01"]

1. c4 g6 2. Nc3 c5 3. g3 Bg7 4. a3 Nc6 5. Rb1 b6 6. Bg2 Bb7 7. d3 Nf6 8. b4 d6 9. Nh3 Qd7 10. bxc5 dxc5 11. Bd2 Nd4 12. Bxb7 Qxb7 13. f3 Rd8 14. Nf2 Nd7 15. O-O O-O 16. a4 Ne5 17. Kg2 Qd7 18. a5 bxa5 19. Nfe4 Qc6 20. Nd5 Rd7 21. Bxa5 f5 22. Nf2 e6 23. Nc3 g5 24. Nb5 Nxe2 25. Qxe2 g4 26. Kh1 Nxf3 0-1

[Event "HUN Ch"]
[Site "Budapest HUN"]
[Date "1977.??.??"]
[Round "?"]
[White "Csom, Istvan"]
[Black "Sax, Gyula"]
[Result "1/2-1/2"]
[WhiteElo "2535"]
[BlackElo "2565"]
[PlyCount "74"]
[EventDate "1977.11.??"]
[Source "www.chesslib.no"]
[SourceDate "2004.05.04"]

1. c4 g6 2. e4 e5 3. Ne2 d6 4. Nbc3 f5 5. d4 Nc6 6. exf5 Bxf5 7. d5 Nce7 8. Ng3 Nf6 9. Be2 Bg7 10. O-O O-O 11. Be3 c5 12. Qd2 Qd7 13. f3 Rae8 14. a3 a6 15. a4 a5 16. Rae1 Qd8 17. Bd1 Bc8 18. Bg5 Nf5 19. Nb5 Nd4 20. Ne4 Nxb5 21. axb5 Nxe4 22. fxe4 Qc7 23. Rxf8+ Bxf8 24. Rf1 Be7 25. Bh6 Bf8 26. b6 Bxh6 27. Qxh6 Qxb6 28. Ba4 Rd8 29. Qh4 Rf8 30. Rxf8+ Kxf8 31. Qf6+ Kg8 32. Be8 Qc7 33. h3 b6 34. b3 Ba6 35. Qe6+ Kg7 36. Bd7 Qd8 37. Qxd6 Qg5 1/2-1/2

[Event "Alusta"]
[Site "?"]
[Date "1994.??.??"]
[Round "?"]
[White "Onischuk, A."]
[Black "Adorjan, A."]
[Result "1/2-1/2"]
[WhiteElo "2535"]
[BlackElo "2565"]
[PlyCount "82"]
[EventDate "1994.??.??"]
[Source "ChessBase"]
[SourceDate "1994.02.01"]

1. c4 g6 2. Nc3 c5 3. d4 cxd4 4. Qxd4 Nf6 5. b3 Bg7 6. Bb2 O-O 7. Nf3 Nc6 8. Qd2 d5 9. cxd5 Nxd5 10. Nxd5 Bxb2 11. Nxe7+ Qxe7 12. Qxb2 Bg4 13. a3 Rac8 14. e3 Bxf3 15. gxf3 Ne5 16. Be2 Qf6 17. Kf1 Qf5 18. f4 Qh3+ 19. Kg1 Nf3+ 20. Bxf3 Qxf3 21. h3 Rc5 22. b4 Rd5 23. Re1 Rfd8 24. Qe2 Qe4 25. Qg4 Rd3 26. Qg2 Qe7 27. Ra1 Rd2 28. Kh2 Qh4 29. Rhf1 R8d3 30. Qf3 Qe7 31. Kg1 Qd7 32. Rfc1 Rb3 33. Rd1 Rxa3 34. Kg2 Rxa1 35. Rxa1 a6 36. Rc1 Qd5 37. Rc7 Qxf3+ 38. Kxf3 b5 39. Ra7 Ra2 40. e4 Ra4 41. e5 Rxb4 1/2-1/2

[Event "Mind Sports Games - Blitz Pair"]
[Site "Pechino CINA"]
[Date "2008.10.08"]
[Round "11"]
[White "Gurevich, M1."]
[Black "Kakageldyev, A."]
[Result "1-0"]
[WhiteElo "2634"]
[BlackElo "2449"]
[PlyCount "71"]
[EventDate "2008.10.08"]
[Source "www.chesslib.no"]
[SourceDate "2004.05.04"]

1. c4 g6 2. Nc3 Bg7 3. g3 d6 4. Bg2 Nf6 5. d3 O-O 6. Bg5 c6 7. e4 Nbd7 8. Nge2 e5 9. h3 Nc5 10. O-O a5 11. Qd2 Bd7 12. d4 exd4 13. Nxd4 Qc7 14. Rfe1 Rfe8 15. Rad1 Rad8 16. Kh2 Ne6 17. Be3 Nxd4 18. Bxd4 Be6 19. b3 Nh5 20. Bxg7 Nxg7 21. Re3 f5 22. Rd3 Rf8 23. Rxd6 Rde8 24. c5 Qf7 25. f4 fxe4 26. Nxe4 Nf5 27. Ng5 Qf6 28. Rxe6 Rxe6 29. Nxe6 Qxe6 30. Re1 Qf6 31. Re2 Rd8 32. Qxa5 Rd3 33. Qa8+ Kg7 34. Qxb7+ Kh6 35. g4 Qh4 36. g5+ 1-0

[Event "Mind Sports Games - Rapid Team"]
[Site "Pechino CINA"]
[Date "2008.10.14"]
[Round "2"]
[White "Gurevich, M1."]
[Black "Kakageldyev, A."]
[Result "1-0"]
[WhiteElo "2634"]
[BlackElo "2449"]
[PlyCount "94"]
[EventDate "2008.10.14"]
[Source "www.chesslib.no"]
[SourceDate "2004.05.04"]

1. c4 g6 2. Nc3 Bg7 3. g3 d6 4. Bg2 Nf6 5. d3 O-O 6. e3 c5 7. Nge2 Nc6 8. O-O a6 9. a3 Bd7 10. Rb1 Rb8 11. b4 cxb4 12. axb4 b5 13. cxb5 axb5 14. h3 h5 15. e4 e6 16. Bg5 Ne7 17. Qd2 Re8 18. Rfc1 e5 19. d4 Nh7 20. Be3 Be6 21. d5 Bd7 22. Rb2 Nc8 23. Nb1 Nb6 24. Na3 h4 25. Nc3 hxg3 26. fxg3 Bf6 27. Ncxb5 Na4 28. Nxd6 Nxb2 29. Nxe8 Bxe8 30. Qxb2 Bg5 31. Nc4 Bxe3+ 32. Nxe3 Qg5 33. Nf1 Rxb4 34. Qxb4 Qxc1 35. Qb8 Qc5+ 36. Kh2 Qe7 37. Ne3 Nf6 38. Nc4 Nd7 39. Qc7 Kf8 40. h4 f5 41. Bh3 Qf6 42. Nd2 f4 43. Nf3 fxg3+ 44. Kg2 Qe7 45. Bxd7 Bxd7 46. Qxe5 Qa3 47. Qf6+ Ke8 1-0

[Event "ESP"]
[Site "ESP"]
[Date "1976.??.??"]
[Round "?"]
[White "Pomar Salamanca, Arturo"]
[Black "Larsen, Bent"]
[Result "1-0"]
[WhiteElo "2430"]
[BlackElo "2625"]
[PlyCount "69"]
[EventDate "1976.??.??"]
[Source "www.chesslib.no"]
[SourceDate "2004.05.04"]

1. c4 g6 2. Nc3 c5 3. g3 Bg7 4. Bg2 Nh6 5. b3 d6 6. Bb2 Nc6 7. e3 Nf5 8. Nge2 Bd7 9. Nf4 Rb8 10. h4 h5 11. Na4 Ne5 12. Nc3 Qc8 13. a4 Bc6 14. Ne4 a6 15. d4 cxd4 16. exd4 Bxe4 17. Bxe4 Nc6 18. O-O Ncxd4 19. Re1 Nf3+ 20. Qxf3 Bxb2 21. Rad1 Be5 22. Nd5 e6 23. Bxf5 gxf5 24. Rxe5 dxe5 25. Qc3 f6 26. Nxf6+ Kf7 27. Qxe5 Rd8 28. Re1 Rh8 29. Rd1 Rd8 30. Rxd8 Qxd8 31. Nxh5 Qh8 32. Qc7+ Kg6 33. Nf4+ Kf6 34. Qd6 Qe8 35. Nxe6 1-0

[Event "Hoogovens"]
[Site "Wijk aan Zee"]
[Date "1973.??.??"]
[Round "6"]
[White "Najdorf, Miguel"]
[Black "Ribli, Zoltan"]
[Result "1-0"]
[WhiteElo "2540"]
[BlackElo "2505"]
[PlyCount "209"]
[EventDate "1973.??.??"]
[Source "ChessBase"]

1. c4 g6 2. e4 e5 3. d4 Nf6 4. dxe5 Nxe4 5. Qd5 f5 6. exf6 Nxf6 7. Qd1 Bg7 8. Nc3 O-O 9. Be2 d6 10. Nf3 Nc6 11. O-O Kh8 12. h3 Be6 13. Be3 d5 14. cxd5 Nxd5 15. Nxd5 Qxd5 16. Qc1 Rad8 17. Bh6 Bxh6 18. Qxh6 Nd4 19. Nxd4 Qxd4 20. Bf3 b6 21. Rae1 Qf6 22. b3 Bd5 23. Bxd5 Rxd5 24. Re6 Qf7 25. Rxg6 Rf5 26. Rg5 Rxf2 27. Qxf8+ Qxf8 28. Rxf2 Qe7 29. Rgf5 Kg7 30. R5f3 c5 31. Rg3+ Kh8 32. Rf5 h6 33. Rd5 Qe1+ 34. Kh2 Qe4 35. Rd8+ Kh7 36. Rd7+ Kh8 37. Rd8+ Kh7 38. Rd7+ Kh8 39. Rf3 Kg8 40. Rxa7 Qe5+ 41. Kg1 Qd4+ 42. Rf2 b5 43. Raf7 c4 44. bxc4 bxc4 45. R7f4 Qd1+ 46. Kh2 c3 47. Rc4 Qd3 48. Rg4+ Kh7 49. Rg3 Qd6 50. Rc2 h5 51. h4 Qf4 52. Rcxc3 Qxh4+ 53. Kg1 Qd4+ 54. Kh1 Qh4+ 55. Rh3 Qe4 56. Kh2 Qe5+ 57. Rcg3 Kh6 58. Rh4 Qe7 59. Rf4 Qe5 60. Rgf3 Kg6 61. a3 Kg5 62. Kh3 Qe6+ 63. Rf5+ Kg6 64. Kh2 Qd6+ 65. Kh1 Qd1+ 66. Rf1 Qa4 67. Rf6+ Kg7 68. R6f3 Kg6 69. Kh2 Qh4+ 70. Rh3 Qe4 71. Rg3+ Kh6 72. Rf6+ Kh7 73. Kh3 Qe1 74. Rgf3 Qh1+ 75. Kg3 Kg7 76. Rf1 h4+ 77. Kf2 Qh2 78. Rf3 Kg6 79. Rd1 Qe5 80. Kg1 Kg5 81. Rdf1 Kg6 82. Rf6+ Kg7 83. Rf7+ Kg8 84. R7f4 Qe3+ 85. Kh1 Qxa3 86. Rg4+ Kh7 87. Rxh4+ Kg7 88. Rg4+ Kh6 89. Rf3 Qa1+ 90. Kh2 Qe5+ 91. Rfg3 Kh5 92. Rg8 Kh6 93. Rh8+ Qxh8 94. Rh3+ Kg7 95. Rxh8 Kxh8 96. Kg3 Kg7 97. Kg4 Kg6 98. g3 Kf6 99. Kh5 Kg7 100. Kg5 Kh7 101. Kf6 Kg8 102. Kg6 Kh8 103. g4 Kg8 104. g5 Kh8 105. Kf7 1-0

[Event "Helsinki"]
[Site "Helsinki FIN"]
[Date "1990.??.??"]
[Round "10"]
[White "Krnic, Zdenko"]
[Black "Vladimirov, Evgeny Y"]
[Result "0-1"]
[WhiteElo "2450"]
[BlackElo "2565"]
[PlyCount "68"]
[EventDate "1990.04.??"]
[Source "www.chesslib.no"]
[SourceDate "2004.05.04"]

1. c4 g6 2. Nc3 Bg7 3. g3 e6 4. Bg2 Ne7 5. d3 d5 6. Bg5 c6 7. Qc1 h6 8. Bd2 d4 9. Na4 O-O 10. b4 Kh7 11. Nc5 a5 12. a4 axb4 13. Bxb4 Na6 14. Nxa6 Rxa6 15. a5 Re8 16. Nf3 Qc7 17. Bc5 Rxa5 18. Bxd4 Bxd4 19. Nxd4 Nf5 20. Nxf5 exf5 21. e3 f4 22. gxf4 Bf5 23. Rxa5 Qxa5+ 24. Qd2 Qa3 25. Ke2 Rd8 26. d4 b5 27. Bxc6 bxc4 28. Rc1 Qa6 29. e4 Qxc6 30. d5 Qe8 31. f3 Bd7 32. Kf2 Rc8 33. Qd4 Qe7 34. Rxc4 Qh4+ 0-1

[Event "Kecskemet"]
[Site "Kecskemet"]
[Date "1992.??.??"]
[Round "9"]
[White "Arkhipov, Sergey"]
[Black "Tolnai, Tibor"]
[Result "0-1"]
[WhiteElo "2515"]
[BlackElo "2490"]
[PlyCount "112"]
[EventDate "1992.04.??"]
[Source "ChessBase"]

1. c4 g6 2. e4 e5 3. Nf3 Bg7 4. d4 exd4 5. Nxd4 Nf6 6. Nc3 O-O 7. Be2 Re8 8. f3 c6 9. Nc2 d5 10. cxd5 cxd5 11. exd5 Qb6 12. Qd4 Nbd7 13. Qxb6 Nxb6 14. Ne3 Re5 15. Kf2 Nfxd5 16. Nexd5 Nxd5 17. Rd1 Be6 18. Bd2 Rc8 19. Rac1 Nxc3 20. Rxc3 Re8 21. Re3 Bxa2 22. Ra1 Bd5 23. Rxa7 Rxe3 24. Bxe3 Bxb2 25. Ra5 Bc6 26. Bc4 Kg7 27. g4 Be5 28. f4 Bc7 29. Ra2 Bxf4 30. Bxf4 Re4 31. Be3 Rxc4 32. g5 f6 33. Re2 Rg4 34. gxf6+ Kxf6 35. Ke1 Ra4 36. Rf2+ Ke5 37. Rf7 Ke4 38. Bh6 Kd3 39. Kf2 Rg4 40. Bf4 h5 41. Rf6 g5 42. Bc7 Rg2+ 43. Kf1 Rc2 44. Rd6+ Ke4 45. Kg1 Kf5 46. Rd4 b5 47. Bd6 h4 48. Kf1 Be4 49. Ke1 g4 50. Rb4 Bc6 51. Rd4 Rb2 52. Bc7 Be4 53. Bd6 Rb3 54. Kf2 g3+ 55. hxg3 hxg3+ 56. Ke2 g2 0-1

[Event "AUT Team Ch 9495"]
[Site "Austria"]
[Date "1995.??.??"]
[Round "?"]
[White "Uhlmann, Wolfgang"]
[Black "Jansa, Vlastimil"]
[Result "1/2-1/2"]
[WhiteElo "2470"]
[BlackElo "2525"]
[PlyCount "51"]
[EventDate "1994.??.??"]
[Source "www.chesslib.no"]
[SourceDate "2004.05.04"]

1. c4 g6 2. e4 e5 3. Nf3 Bg7 4. d4 exd4 5. Nxd4 Nf6 6. Nc3 O-O 7. Be2 Re8 8. f3 c6 9. Nc2 d5 10. cxd5 cxd5 11. exd5 Qb6 12. Qd4 Nbd7 13. Qxb6 Nxb6 14. Ne3 Bf8 15. Bb5 Bd7 16. Bxd7 Nbxd7 17. Kf2 Nb6 18. Re1 Bc5 19. Kf1 Re5 20. Bd2 Rae8 21. Ng4 Rxe1+ 22. Rxe1 Rxe1+ 23. Kxe1 Nfxd5 24. Nxd5 Nxd5 25. Ke2 f5 26. Nf2 1/2-1/2

[Event "Velden Open"]
[Site "Velden GER"]
[Date "1994.??.??"]
[Round "4"]
[White "Contin, Daniel"]
[Black "Eingorn, Vereslav S"]
[Result "0-1"]
[WhiteElo "2420"]
[BlackElo "2570"]
[PlyCount "80"]
[EventDate "1994.07.??"]
[Source "www.chesslib.no"]
[SourceDate "2004.05.04"]

1. c4 g6 2. g3 Bg7 3. Bg2 d6 4. Nc3 Nc6 5. e3 Nf6 6. Nge2 O-O 7. h3 Bd7 8. O-O Rb8 9. Rb1 a6 10. b3 b5 11. Bb2 e5 12. d3 b4 13. Nd5 Nxd5 14. cxd5 Na7 15. Rc1 Nb5 16. Qd2 a5 17. f4 Qe7 18. e4 f5 19. Kh2 fxe4 20. dxe4 h5 21. fxe5 dxe5 22. h4 Rxf1 23. Rxf1 Nd6 24. Rc1 Bg4 25. Ng1 Rf8 26. Qe3 Nb5 27. Rc6 Qf7 28. Qg5 Bf6 29. Qh6 Nd4 30. Bxd4 exd4 31. e5 Qg7 32. Qxg7+ Bxg7 33. e6 d3 34. e7 d2 35. exf8=Q+ Kxf8 36. Nf3 d1=Q 37. Ng5 Be5 38. Rxg6 Bxg3+ 39. Kxg3 Qd3+ 40. Kf4 Qxg6 0-1

[Event "Rimavska Sobota"]
[Site "?"]
[Date "1991.??.??"]
[Round "?"]
[White "Gross, S."]
[Black "Stohl, I."]
[Result "0-1"]
[WhiteElo "2435"]
[BlackElo "2550"]
[PlyCount "104"]
[EventDate "1991.??.??"]
[Source "ChessBase"]
[SourceDate "1991.06.01"]

1. c4 g6 2. e4 e5 3. Nf3 Bg7 4. d4 exd4 5. Nxd4 Nf6 6. Nc3 O-O 7. Be2 Re8 8. f3 c6 9. Nc2 d5 10. cxd5 cxd5 11. Bg5 h6 12. Bxf6 Qxf6 13. Qxd5 Be6 14. Qb5 Nc6 15. O-O Nd4 16. Nxd4 Qxd4+ 17. Kh1 a6 18. Qd3 Qxd3 19. Bxd3 Rac8 20. Rac1 Bxc3 21. bxc3 Bxa2 22. Rf2 Be6 23. Rfc2 Rc5 24. c4 Rd8 25. Bf1 Rdc8 26. Bd3 Rd8 27. Bf1 b5 28. cxb5 Rxc2 29. Rxc2 Rd1 30. Kg1 axb5 31. Kf2 b4 32. Rb2 b3 33. Be2 Ra1 34. Ke3 Ra2 35. Rb1 g5 36. g3 Kf8 37. f4 f6 38. h4 gxh4 39. gxh4 Ke7 40. Bd1 Rh2 41. Kd4 Rh1 42. f5 Bf7 43. Bc2 Rxb1 44. Bxb1 Kd6 45. Bd3 Bh5 46. Kc3 Ke5 47. Kxb3 Bf3 48. Kc3 Bxe4 49. Bb5 Bxf5 50. Kd2 Kf4 51. Ke1 Kg3 52. Bc6 Bd3 0-1

[Event "HUN-chT 9899"]
[Site "?"]
[Date "1999.??.??"]
[Round "?"]
[White "Stohl Igor"]
[Black "Feher Gyula"]
[Result "1/2-1/2"]
[WhiteElo "2540"]
[BlackElo "2445"]
[PlyCount "83"]
[EventDate "1999.??.??"]
[Source "www.chesslib.no"]
[SourceDate "2004.05.04"]

1. c4 g6 2. e4 e5 3. d4 Nf6 4. Nf3 exd4 5. e5 Bb4+ 6. Bd2 Qe7 7. Bxb4 Qxb4+ 8. Qd2 Qxd2+ 9. Nbxd2 Nh5 10. Nxd4 Nc6 11. Nxc6 dxc6 12. g3 Ng7 13. Ne4 h5 14. O-O-O Ke7 15. Be2 Bf5 16. Ng5 Ne6 17. Nxe6 Bxe6 18. f4 Rad8 19. Rxd8 Rxd8 20. Rd1 Rxd1+ 21. Kxd1 c5 22. Kd2 Bh3 23. Ke3 Ke6 24. Bd3 c6 25. Kf2 a6 26. a3 a5 27. Ke3 Bg4 28. Bf1 Bf5 29. h3 f6 30. exf6 Kxf6 31. Kf3 Bc2 32. g4 hxg4+ 33. Kxg4 Bd1+ 34. Kg3 Bc2 35. Kg4 Bd1+ 36. Kg3 Bc2 37. h4 Be4 38. Kf2 Bf5 39. Ke3 Bg4 40. Bd3 Bd1 41. Bf1 Bg4 42. Bd3 1/2-1/2

[Event "Smederevska Palanka"]
[Site "Smederevska Palanka"]
[Date "1982.??.??"]
[Round "5"]
[White "Stean, Michael"]
[Black "Jansa, Vlastimil"]
[Result "1/2-1/2"]
[WhiteElo "2505"]
[BlackElo "2475"]
[PlyCount "93"]
[EventDate "1982.06.??"]
[Source "ChessBase"]

1. c4 g6 2. e4 e5 3. d4 Nf6 4. Nf3 exd4 5. e5 Bb4+ 6. Bd2 Qe7 7. Bxb4 Qxb4+ 8. Qd2 Qxd2+ 9. Nbxd2 Nh5 10. Nxd4 Nc6 11. Nxc6 dxc6 12. O-O-O Bf5 13. g3 Ng7 14. Bg2 Ke7 15. Ne4 Bxe4 16. Bxe4 Rad8 17. Rxd8 Rxd8 18. Rd1 Rg8 19. Kd2 h5 20. Ke3 g5 21. f4 gxf4+ 22. gxf4 Ne6 23. f5 Nc5 24. Bf3 a5 25. f6+ Ke8 26. h4 Rg3 27. Kf4 Rh3 28. Bxh5 Rxh4+ 29. Bg4 Rh2 30. Kg3 Rh8 31. Bf5 Rh5 32. Kf4 Rh4+ 33. Kg5 Rxc4 34. Rh1 Ne4+ 35. Bxe4 Rxe4 36. Kf5 Re2 37. Rh8+ Kd7 38. Rf8 Rf2+ 39. Kg5 Ke6 40. Re8+ Kd5 41. Kh6 Rg2 42. Kh7 Rxb2 43. Kg7 c5 44. Kxf7 Rf2 45. Kg7 Rg2+ 46. Kf8 Rf2 47. Kg7 1/2-1/2

[Event "Bratislava"]
[Site "Bratislava"]
[Date "1983.??.??"]
[Round "12"]
[White "Lerner, Konstantin Z"]
[Black "Ghinda, Mihail Viorel"]
[Result "1/2-1/2"]
[WhiteElo "2495"]
[BlackElo "2480"]
[PlyCount "91"]
[EventDate "1983.09.??"]
[Source "ChessBase"]

1. c4 g6 2. e4 e5 3. Nf3 Bg7 4. d4 exd4 5. Nxd4 Nf6 6. Nc3 O-O 7. Be2 Re8 8. Qd3 Na6 9. Nb3 Nb4 10. Qd2 a5 11. a3 Nc6 12. f3 Nh5 13. Nc5 a4 14. g3 d6 15. N5xa4 Nd4 16. Bd1 Be6 17. Qd3 Nc6 18. Nd5 Ne5 19. Qc2 b5 20. Nac3 c6 21. Nf4 Bxc4 22. Be2 Bxe2 23. Qxe2 Nxf4 24. Bxf4 b4 25. Nd1 bxa3 26. Rxa3 Rxa3 27. bxa3 Qa5+ 28. Bd2 Qxa3 29. O-O Qd3 30. Qxd3 Nxd3 31. Nc3 Rb8 32. Rb1 Rxb1+ 33. Nxb1 f5 34. exf5 gxf5 35. Kf1 Ne5 36. Ke2 Nc4 37. Bf4 Kf7 38. Kd3 d5 39. Nc3 Bxc3 40. Kxc3 Ke6 41. Kd4 Nb6 42. Kc5 Na4+ 43. Kxc6 Nb2 44. Bd2 Nd3 45. Bc3 h5 46. Kb5 1/2-1/2

[Event "Zlin"]
[Site "Zlin"]
[Date "1995.??.??"]
[Round "?"]
[White "Vaulin, Alexander"]
[Black "Vokac, Marek"]
[Result "1-0"]
[WhiteElo "2490"]
[BlackElo "2475"]
[PlyCount "97"]
[EventDate "1995.??.??"]
[Source "ChessBase"]

1. c4 g6 2. g3 Bg7 3. Bg2 d6 4. Nc3 c5 5. a3 Nc6 6. Rb1 a5 7. Nf3 Nh6 8. h4 Bg4 9. d3 Qd7 10. Bd2 Nf5 11. Nh2 h5 12. Nd5 Ra7 13. Bc3 Kf8 14. Nxg4 hxg4 15. e3 Bxc3+ 16. bxc3 Ne5 17. Nb6 Qd8 18. d4 Ra6 19. Qb3 Nf3+ 20. Bxf3 gxf3 21. Nd5 Ra7 22. Qb6 Qxb6 23. Nxb6 cxd4 24. cxd4 g5 25. Kd2 gxh4 26. g4 Ng7 27. Rh3 Ne6 28. Rxf3 Ng5 29. Rf5 f6 30. Kd3 e6 31. Rfb5 e5 32. Nd5 h3 33. Nxf6 h2 34. Rh1 Rh4 35. dxe5 Kf7 36. Ne4 Nxe4 37. Kxe4 Rxg4+ 38. f4 Rg2 39. exd6 Ke6 40. Rh5 Kxd6 41. R1xh2 Rxh2 42. Rxh2 Kc5 43. f5 Kxc4 44. f6 b5 45. Rf2 Rf7 46. Kf5 b4 47. axb4 axb4 48. e4 b3 49. Kg6 1-0

[Event "Malaga ESP"]
[Site "Malaga ESP"]
[Date "1981.??.??"]
[Round "?"]
[White "Calvo Minguez, Ricardo"]
[Black "Tal, Mikhail N"]
[Result "0-1"]
[WhiteElo "2410"]
[BlackElo "2555"]
[PlyCount "106"]
[EventDate "1981.??.??"]
[Source "www.chesslib.no"]
[SourceDate "2004.05.04"]

1. c4 g6 2. Nc3 Bg7 3. g3 d6 4. Bg2 Nf6 5. b3 O-O 6. Bb2 e5 7. e3 Re8 8. Nge2 c6 9. d4 e4 10. Qd2 Bf5 11. h3 h5 12. Rc1 Na6 13. a3 Nc7 14. b4 d5 15. cxd5 cxd5 16. Nf4 Qd7 17. Bf1 Bf8 18. Qd1 Bd6 19. Qa4 Qe7 20. Qb3 Red8 21. Be2 Bxf4 22. gxf4 Nce8 23. b5 Qe6 24. Na4 b6 25. Bf1 Rac8 26. Rxc8 Rxc8 27. Bc3 Nd6 28. Nb2 Qd7 29. Kd2 Be6 30. a4 Nf5 31. Qb4 Nh4 32. Kc2 Ne8 33. Kb3 Nd6 34. a5 bxa5 35. Qxa5 Rb8 36. Ka4 Qc8 37. Qa6 Qxc3 38. Qxd6 Qc2+ 39. Ka3 Rc8 40. Ka2 Qxf2 41. Qa3 Nf5 42. Qxa7 Nxe3 43. b6 Nd1 44. Be2 Nxb2 45. b7 Qxe2 46. bxc8=Q+ Bxc8 47. Qb8 Nc4+ 48. Ka1 Kh7 49. Rb1 Qf3 50. Rb3 Qd1+ 51. Ka2 Qd2+ 52. Kb1 Bf5 53. Rb7 e3+ 0-1

[Event "First Saturday GM - Marzo 2007"]
[Site "Budapest UNG"]
[Date "2007.03.04"]
[Round "1"]
[White "Berczes, David"]
[Black "Farago, Ivan"]
[Result "1/2-1/2"]
[WhiteElo "2433"]
[BlackElo "2531"]
[PlyCount "79"]
[EventDate "2007.03.04"]
[Source "www.chesslib.no"]
[SourceDate "2004.05.04"]

1. c4 g6 2. g3 Bg7 3. Bg2 d6 4. Nc3 Nf6 5. e3 O-O 6. Nge2 c6 7. O-O e5 8. d3 Be6 9. h3 Qc8 10. Kh2 Nbd7 11. Rb1 d5 12. b3 Qc7 13. Bb2 Rad8 14. Qc2 Qb8 15. Rfd1 Rfe8 16. a3 h6 17. Rbc1 dxc4 18. bxc4 Qc7 19. Rb1 Nc5 20. Na4 Nfd7 21. Nxc5 Nxc5 22. Bc3 Bf5 23. e4 Bc8 24. d4 exd4 25. Bxd4 Bxd4 26. Nxd4 Re7 27. Nb3 Nxb3 28. Qxb3 Rxd1 29. Rxd1 Rd7 30. Rxd7 Bxd7 31. Qe3 Be6 32. c5 Qe5 33. f4 Qb2 34. f5 gxf5 35. Qxh6 fxe4 36. Qg5+ Kf8 37. Qd8+ Kg7 38. Qg5+ Kh7 39. Qh4+ Kg8 40. Qd8+ 1/2-1/2

[Event "Budapest Honved"]
[Site "Budapest"]
[Date "1994.??.??"]
[Round "2"]
[White "Ruck, Robert"]
[Black "Horvath, Jozsef"]
[Result "1/2-1/2"]
[WhiteElo "2435"]
[BlackElo "2520"]
[PlyCount "97"]
[EventDate "1994.??.??"]
[Source "ChessBase"]

1. c4 g6 2. g3 Bg7 3. d4 c5 4. Nf3 cxd4 5. Nxd4 Nc6 6. Nb3 d6 7. Nc3 Be6 8. Nd5 Rc8 9. Bg2 Qd7 10. O-O Bh3 11. Bxh3 Qxh3 12. Nf4 Qf5 13. f3 Nf6 14. e4 Qd7 15. Be3 Ne5 16. Nd2 a6 17. Qe2 b5 18. Rac1 O-O 19. b3 e6 20. Nd3 Nc6 21. Bf2 Qb7 22. Rfd1 Nd7 23. Be3 Rfe8 24. Qf2 Qb8 25. Kg2 Qb7 26. Rc2 Ne7 27. Rdc1 d5 28. cxd5 Rxc2 29. Rxc2 exd5 30. Nc5 Nxc5 31. Rxc5 dxe4 32. Nxe4 Qd7 33. Qd2 Qxd2+ 34. Bxd2 f5 35. Nc3 Rd8 36. Bg5 Rd7 37. Ne2 Nd5 38. Rc6 h6 39. Bc1 Kf7 40. Rxa6 Nb4 41. Ra5 Nc2 42. Kf2 b4 43. Rc5 Nd4 44. Be3 Ne6 45. Rc4 Bf8 46. Rc6 g5 47. Rc4 Be7 48. Rc6 Rd5 49. Rc2 1/2-1/2

[Event "Vienna op"]
[Site "Vienna"]
[Date "1996.??.??"]
[Round "4"]
[White "Teske, Henrik"]
[Black "Roeder, Mathias"]
[Result "0-1"]
[WhiteElo "2520"]
[BlackElo "2435"]
[PlyCount "102"]
[EventDate "1996.08.??"]
[Source "ChessBase"]

1. c4 g6 2. g3 Bg7 3. Bg2 d6 4. d4 Nf6 5. e4 O-O 6. Ne2 c5 7. O-O Nc6 8. d5 Na5 9. Na3 e6 10. Bd2 exd5 11. cxd5 Re8 12. Qa4 b6 13. Rfe1 Bd7 14. Qc2 b5 15. Rad1 b4 16. Nb1 Bb5 17. Bc1 Nc4 18. b3 Nb6 19. a4 Ba6 20. Bb2 Rc8 21. h3 Bxe2 22. Qxe2 c4 23. a5 c3 24. axb6 Qxb6 25. Nd2 cxd2 26. Qxd2 Nd7 27. Rc1 Rxc1 28. Rxc1 Nc5 29. Bxg7 Kxg7 30. Rc4 a5 31. h4 f6 32. Qb2 h6 33. Kh2 Qb5 34. Bf1 Qd7 35. Qc2 Rb8 36. h5 gxh5 37. Be2 Qe8 38. Qd1 h4 39. gxh4 Qe5+ 40. Kh3 Kh7 41. Bg4 Qf4 42. e5 Qxe5 43. Qf3 f5 44. Bxf5+ Kh8 45. Qh5 Qf6 46. Bg6 Kg7 47. Bf5 Rg8 48. Rf4 Nxb3 49. Qf3 Nd4 50. Qd3 Nxf5 51. Rxf5 Qc3 0-1

[Event "Sukhumi"]
[Site "Sukhumi"]
[Date "1972.08.21"]
[Round "5"]
[White "Ree, Hans"]
[Black "Suttles, Duncan"]
[Result "1/2-1/2"]
[WhiteElo "2480"]
[BlackElo "2470"]
[PlyCount "34"]
[EventDate "1972.??.??"]
[Source "www.chesslib.no"]
[SourceDate "2004.05.04"]

1. c4 g6 2. g3 Bg7 3. Bg2 d6 4. Nc3 Nc6 5. Rb1 a5 6. a3 h5 7. h4 Nh6 8. b4 axb4 9. axb4 O-O 10. Nh3 Bf5 11. Ne4 Qd7 12. Nf4 Ra2 13. O-O Rfa8 14. d3 Ng4 15. Bd2 R8a3 16. Bc1 Ra8 17. Bd2 R8a3 1/2-1/2